GAI Openness: What's Behind the Curtain?

Generatívna umelá inteligencia (GAI) sa stala neoddeliteľnou súčasťou vzdelávacej a vedeckej činnosti na univerzitách. Sami užívatelia si však pôvodný cieľ (spracovanie dátových súborov a vytvorenie DIKW modelu) upravili. GAI sa totiž objavuje aj ako (g)hostwritingový nástroj, čím výrazne narúša aka...

Descrizione completa

Salvato in:
Dettagli Bibliografici
Autore principale: Artiukhov, Artem, 1983-
Altri autori: Rehák, Róbert, 1984-
Natura: Capitolo di libro
Lingua:inglese
Soggetti:
Tags: Aggiungi Tag
Nessun Tag, puoi essere il primo ad aggiungerne!!

MARC

LEADER 00000naa$a2200000$$$4500
001 0305339
005 20241127103356.0
041 0 |a eng 
044 |a SG 
245 1 0 |a GAI Openness: What's Behind the Curtain?  |c Artem Artiukhov, Róbert Rehák 
520 |a Generatívna umelá inteligencia (GAI) sa stala neoddeliteľnou súčasťou vzdelávacej a vedeckej činnosti na univerzitách. Sami užívatelia si však pôvodný cieľ (spracovanie dátových súborov a vytvorenie DIKW modelu) upravili. GAI sa totiž objavuje aj ako (g)hostwritingový nástroj, čím výrazne narúša akademickú integritu. 
610 2 0 |a veda 
610 2 0 |a výskum 
610 2 0 |a univerzity 
610 2 0 |a vzdelávanie 
610 2 0 |a inovácie technologické 
610 2 0 |a inteligencia umelá 
610 2 0 |a chatboty 
100 1 |a Artiukhov, Artem, 1983- 
700 1 |a Rehák, Róbert, 1984-